=LDR 00000nam 2200000 4500 =001 INLIS000000000036845 =005 20130612142616 =008 ***********************************Ind** =035 ##$$0010-061300000036845 =041 ##$$a Ind =082 ##$$a 641.5 =090 ##$$a 641.5, Win m =100 ##$$a Winata, Mary =245 ##$$a Masakan sehat dan lezat minim minyak goreng, hidangan daging serba tim dan kukus, Marry Winata ; editor, Intarina Hardiman =260 ##$$a 2010 $b Jakarta =300 ##$$a 56 hlm, ilus, 21 cm =650 ##$$a Masakan, resep =850 ##$$a NBPNMAT